Départements français au pluriel - Statistiques

Statistiques générales
  • Ce quiz a été pris 61 fois
  • Le résultat moyen est 10 sur 14
Statistiques - réponses
Réponses % Correct
Alpes-Maritimes
86%
Hautes-Alpes
86%
Alpes-de-Haute-Provence
84%
Pyrénées-Orientales
84%
Pyrénées-Atlantiques
82%
Hautes-Pyrénées
80%
Bouches-du-Rhône
79%
Ardennes
75%
Yvelines
73%
Landes
64%
Deux-Sèvres
61%
Vosges
61%
Côtes-d'Armor
59%
Hauts-de-Seine
50%
Aucun quiz correspondant
Distribution des résultats
% des personnes avec chaque résultat
Percentile par nombre de réponses
Votre historique - résultats
Vous n’avez pas pris ce quiz